000
00317nam a2200133Ia 4500
008
191201s2011 xx 000 0 und d
100
_a
KUMAR, D S
245
0
_a
Thermal Science and Engineering
250
_a
Rep
260
_c
2011
_b
S. K. Kataria & Sons
_a
N. Delhi
300
_a
763
650
_a
ME
942
_2
ddc
_c
BB
999
_c
7495
_d
7495